Between the Bars - Elliott Smith (All lyrics) - Statistics

General Stats
  • This quiz has been taken 163 times
    117 since last reset
  • The average score is 195 of 238
Answer Stats
Hint Answer % Correct
I
97%
Chorus | Verse 1 | Verse 2 Drink
96%
The
96%
Up
96%
You
96%
Baby
94%
Be
94%
All
93%
Do
93%
I'll
93%
Things
93%
With
92%
You'll
92%
And
90%
Bars
90%
See
90%
That
90%
Between
89%
Night
89%
Chorus People
89%
Your
89%
Make
87%
Never
87%
Stay
87%
Them
87%
Want
87%
Anymore
86%
Around
86%
Before
86%
But
86%
Don't
86%
Kiss
86%
Won't
86%
You've
86%
Been
85%
Forget
85%
Keep
85%
Me
85%
Might
85%
About
83%
Could
83%
Now
83%
Potential
83%
Push
83%
To
83%
In
82%
Again
80%
Okay
80%
Still
80%
Will
80%
Only
79%
Say
79%
At
77%
Away
77%
Bend
77%
Shove
77%
Stars
77%
I'm
76%
Look
76%
What
76%
Of
75%
Promises
75%
Days
73%
Drive
73%
Hands
72%
Pressure
72%
Head
69%
Images
69%
Air
68%
Seeing
68%
Stuck
68%
There
65%
My
59%
Deep
58%
Finally
58%
Mine
58%
Heart
56%
Waiting
56%
Apart
55%
Caught
55%
More
55%
Time
55%
One
54%
Forgot
52%
From
51%
Rest
51%
Like
49%
Where
48%
Best
45%
Seperate
38%
No matching quizzes found
Score Distribution
Percent of People with Each Score
Percentile by Number Answered
Your Score History
You have not taken this quiz since the last reset